000 00551nam a2200193Ia 4500
008 151121s9999||||xx |||||||||||||| ||und||
082 _a813/शेळके
082 _bHNW-71945
100 _aशेळके उध्दव ज।
245 _aधग
260 _b"पॉप्युलर प्रकाशन, मुंबई"
260 _c--
300 _a250
600 _aशेळके उध्दव ज।
630 _aधग
700 _aशेळके उध्दव ज।
730 _aधग
942 _cBOOK
999 _c1253409
_d1253406